A dictionary of tissue culture (Record no. 359)

000 -LEADER
fixed length control field 00424nam a22001697a 4500
008 - FIXED-LENGTH DATA ELEMENTS--GENERAL INFORMATION
fixed length control field 160928b xxu||||| |||| 00| 0 eng d
082 ## - DEWEY DECIMAL CLASSIFICATION NUMBER
Edition number 23
Classification number 571.5383
Item number SIN
100 ## - MAIN ENTRY--PERSONAL NAME
Personal name Singh,B D
245 ## - TITLE STATEMENT
Title A dictionary of tissue culture
250 ## - EDITION STATEMENT
Edition statement 1st ed.
260 ## - PUBLICATION, DISTRIBUTION, ETC. (IMPRINT)
Place of publication, distribution, etc. New Delhi
Name of publisher, distributor, etc. Kalyani Publishers
Date of publication, distribution, etc. 1998
300 ## - PHYSICAL DESCRIPTION
Extent xi,111p.
Dimensions 18cm.
650 ## - SUBJECT ADDED ENTRY--TOPICAL TERM
Source of heading or term Botany
Topical term or geographic name as entry element Botany
653 ## - INDEX TERM--UNCONTROLLED
Uncontrolled term Tissue
653 ## - INDEX TERM--UNCONTROLLED
Uncontrolled term Dictionary
942 ## - ADDED ENTRY ELEMENTS (KOHA)
Source of classification or shelving scheme
Koha item type Books
Holdings
Withdrawn status Lost status Source of classification or shelving scheme Materials specified (bound volume or other part) Damaged status Not for loan Collection code Permanent location Current location Shelving location Date acquired Coded location qualifier Cost, normal purchase price Full call number Barcode Date last seen Cost, replacement price Price effective from Koha item type
      PB     Botany Section Maulana Azad Central Library Maulana Azad Central Library General Stacks 2016-09-28 BOT 45.00 571.5383 SIN 8677 2016-09-28 45.00 2016-09-28 Books
      PB     Botany Section Maulana Azad Central Library Maulana Azad Central Library General Stacks 2016-09-28 BOT 45.00 571.5383 SIN 8678 2016-09-28 45.00 2016-09-28 Books

Copyright @ USTM
Techno City, Kiling Road, Baridua, 9th Mile,
Ri-Bhoi, Meghalaya-793101

Powered by Koha